000 00501nam a2200193Ia 4500
005 20250508163404.0
008 008 250505s9999 xx 000 0 eng d
037 _aTextual
040 _aFEDL
_beng
_cFEDL
041 _aeng
_2eng
084 _a370.959 8, AAN
_qFEDL
100 _aAanenson Charles R
_9775249
245 0 _aRepublic of Indonesia
260 _c1979
300 _aviii,118p
650 _aEducation
942 _cTEXL
_h370.959 8, AAN
999 _c1382749
_d1382749